[Event "World op"]
[Site "New Paltz USA"]
[Date "1981.07.02"]
[Round "3"]
[White "Brodie, Hugh"]
[Black "Palsson, Halldor"]
[Result "1/2-1/2"]
[WhiteElo "1902"]
[BlackElo "1818"]
[PlyCount "169"]
[EventDate "1981.07.01"]
[EventType "swiss"]
[EventRounds "9"]
[EventCountry "USA"]

1. e4 e6 2. d3 d5 3. Nd2 Nf6 4. Ngf3 c5 5. g3 Nc6 6. Bg2 Be7 7. O-O O-O 8. Re1
b5 9. e5 Nd7 10. Nf1 a5 11. h4 b4 12. Bf4 Ba6 13. N1h2 Qc7 14. Ng4 Rfc8 15. Bh3
a4 16. Ng5 Qd8 17. c3 a3 18. Qc2 axb2 19. Rab1 bxc3 20. Qxc3 d4 21. Qd2 Nb4 22.
Bf1 Nxa2 23. Rxb2 Nc3 24. Bg2 Rab8 25. Rc2 Rb3 26. Ra1 Qb6 27. h5 Bb7 28. h6 g6
29. Nf3 Rb1+ 30. Rc1 Rxc1+ 31. Rxc1 Ra8 32. Kh2 Ra2 33. Rc2 Qb3 34. Rxa2 Qxa2
35. Bg5 Qxd2 36. Bxd2 Nb1 37. Ba5 Ba6 38. Bf1 Nc3 39. Nd2 f5 40. exf6 Nxf6 41.
Ne5 Bf8 42. Nb3 Na4 43. Bh3 Bc8 44. Bd2 Ne8 45. Bg2 Nc3 46. Bc6 Nf6 47. Bg5
Nfd5 48. Nd7 Bxd7 49. Bxd7 Kf7 50. Kg2 Nb4 51. Nc1 Be7 52. Bxe7 Kxe7 53. Bc8
Nba2 54. Nxa2 Nxa2 55. Ba6 Nb4 56. Bb5 Kf6 57. f4 g5 58. Kf3 gxf4 59. Kxf4 Nd5+
60. Kf3 Ne7 61. Ke4 Nd5 62. Bc4 Nc3+ 63. Kf4 e5+ 64. Kg4 e4 65. dxe4 Nxe4 66.
Kf4 Nc3 67. Bd3 Nd5+ 68. Kf3 Kg5 69. Bxh7 Kxh6 70. Bg8 Ne3 71. Ke4 Kg7 72. Ba2
Kf6 73. Bb3 Kg5 74. Be6 Nf1 75. Kd5 d3 76. Kxc5 d2 77. Bb3 Kg4 78. Kd4 Kxg3 79.
Kd3 Kf2 80. Bd1 Ke1 81. Bh5 Ng3 82. Bf3 Nh1 83. Bh5 Nf2+ 84. Kc2 Nh3 85. Bg4
1/2-1/2

[Event "World op"]
[Site "New Paltz USA"]
[Date "1981.07.03"]
[Round "4"]
[White "Hennen, D."]
[Black "Brodie, Hugh"]
[Result "0-1"]
[WhiteElo "1810"]
[BlackElo "1902"]
[PlyCount "62"]
[EventDate "1981.07.01"]
[EventType "swiss"]
[EventRounds "9"]
[EventCountry "USA"]

1. e4 c5 2. c3 d5 3. exd5 Qxd5 4. Nf3 Nf6 5. Bb5+ Nc6 6. h3 a6 7. Ba4 Qe4+ 8.
Kf1 Bf5 9. Bb3 c4 10. Ng5 Qd3+ 11. Kg1 h6 12. Nf3 cxb3 13. Qxb3 b5 14. a4 Rb8
15. Na3 Qd5 16. Qd1 Bd3 17. Nc2 Qb3 18. Nfe1 Bxc2 19. Qxc2 Qxc2 20. Nxc2 b4 21.
Kh2 e6 22. Re1 Na5 23. cxb4 Bxb4 24. Nxb4 Rxb4 25. Ra3 Nb3 26. d3 Nxc1 27. Rxc1
Kd7 28. Rac3 Nd5 29. Rc6 Rxa4 30. b3 Ra3 31. b4 Rb8 0-1

[Event "World op"]
[Site "New Paltz USA"]
[Date "1981.07.03"]
[Round "5"]
[White "Brodie, Hugh"]
[Black "Kary, A."]
[Result "1/2-1/2"]
[WhiteElo "1902"]
[BlackElo "1860"]
[PlyCount "97"]
[EventDate "1981.07.01"]
[EventType "swiss"]
[EventRounds "9"]
[EventCountry "USA"]

1. e4 e6 2. d3 d5 3. Nd2 Nf6 4. Ngf3 c5 5. g3 Nc6 6. Bg2 dxe4 7. dxe4 e5 8. O-O
Be7 9. Qe2 Qc7 10. c3 O-O 11. Nc4 Rd8 12. Bg5 Be6 13. Nh4 g6 14. Ne3 Nh5 15.
Bxe7 Nxe7 16. Qc2 Rd7 17. Rfd1 Rad8 18. Bf3 Nf6 19. Be2 Rxd1+ 20. Rxd1 Rxd1+
21. Nxd1 Qd7 22. Ne3 a6 23. Bc4 b5 24. Bxe6 Qxe6 25. c4 bxc4 26. Nxc4 Nc6 27.
f3 Nd4 28. Qd3 Nd7 29. b3 Kg7 30. Ng2 Qf6 31. Ne1 Nb8 32. Kg2 Nbc6 33. Nc2 Nxc2
34. Qxc2 Nd4 35. Qf2 g5 36. Ne3 Qe6 37. g4 Qd6 38. h4 h6 39. hxg5 hxg5 40. Qd2
f6 41. Nc4 Qc7 42. Qc1 Nb5 43. Qe3 Nd4 44. Qd2 Kg6 45. Ne3 Qd6 46. Nf5 Qd7 47.
Ne3 Qd6 48. Nf5 Qd7 49. Ne3 1/2-1/2

[Event "World op"]
[Site "New Paltz USA"]
[Date "1981.07.04"]
[Round "6"]
[White "Hoddy, Joseph"]
[Black "Brodie, Hugh"]
[Result "0-1"]
[WhiteElo "1960"]
[BlackElo "1902"]
[PlyCount "68"]
[EventDate "1981.07.01"]
[EventType "swiss"]
[EventRounds "9"]
[EventCountry "USA"]

1. e4 c5 2. Nf3 Nc6 3. d4 cxd4 4. Nxd4 g6 5. Be3 Nf6 6. Nc3 Bg7 7. Bc4 Qa5 8.
Qd2 Qb4 9. Nxc6 Qxc4 10. Ne5 Qc7 11. f4 d6 12. Nb5 Qb8 13. O-O-O O-O 14. Nf3
Nxe4 15. Qe2 Nf6 16. Bd4 Bd7 17. Nc3 Re8 18. h4 h5 19. Ng5 Qc8 20. Rd3 Qc4 21.
Qd2 Bf5 22. Rg3 b5 23. Kb1 b4 24. Ne2 Rec8 25. Rc1 a5 26. Re3 Rc7 27. b3 Qb5
28. Bb2 Rac8 29. Nd4 Qd5 30. Qe1 e6 31. Nxf5 Qxf5 32. Rd3 Rxc2 33. Qd1 Rxc1+
34. Bxc1 Rc3 0-1

[Event "World op"]
[Site "New Paltz USA"]
[Date "1981.07.04"]
[Round "7"]
[White "Brodie, Hugh"]
[Black "Neville, J."]
[Result "0-1"]
[WhiteElo "1902"]
[BlackElo "1900"]
[PlyCount "124"]
[EventDate "1981.07.01"]
[EventType "swiss"]
[EventRounds "9"]
[EventCountry "USA"]

1. f4 d5 2. e3 Nf6 3. b3 g6 4. Bb2 Bg7 5. Nf3 O-O 6. Be2 b6 7. O-O Bb7 8. Qe1
Nbd7 9. Qh4 e6 10. d3 Ne8 11. Qxd8 Rxd8 12. Bxg7 Kxg7 13. Nbd2 Nd6 14. a4 c5
15. d4 Nf5 16. Kf2 cxd4 17. exd4 Rc8 18. Bd3 Nd6 19. Rac1 Rc7 20. Rfe1 Rfc8 21.
Re2 Nb8 22. Nb1 Ba6 23. Ke3 Bxd3 24. Kxd3 Nc6 25. c3 Nb4+ 26. Ke3 Ne4 27. c4
Nd6 28. Na3 dxc4 29. bxc4 Nxc4+ 30. Nxc4 Rxc4 31. Rxc4 Rxc4 32. a5 Nd5+ 33. Kf2
Nxf4 34. Rd2 b5 35. g3 Nd5 36. Ne5 Rc3 37. Rb2 b4 38. Ke2 Ra3 39. Nc6 b3 40.
Kd2 a6 41. Nb8 Ra2 42. Kc1 Rxa5 43. Rxb3 Rb5 44. Kb2 Rxb3+ 45. Kxb3 Nc7 46. Kc4
Kf6 47. Kc5 Kg5 48. Kc6 Nb5 49. Kc5 Kg4 50. Nxa6 Nc3 51. Kc4 Ne4 52. Kd3 Kf3
53. Nc5 Nf2+ 54. Kd2 Kg2 55. Ke3 Ng4+ 56. Kf4 h5 57. Nxe6 fxe6 58. Kg5 Kxh2 59.
Kxg6 Kxg3 60. Kxh5 Kf4 61. Kg6 Ke4 62. Kf7 Kd5 0-1

[Event "World op"]
[Site "New Paltz USA"]
[Date "1981.07.05"]
[Round "8"]
[White "Pineault, Wayne"]
[Black "Brodie, Hugh"]
[Result "0-1"]
[WhiteElo "1980"]
[BlackElo "1902"]
[PlyCount "78"]
[EventDate "1981.07.01"]
[EventType "swiss"]
[EventRounds "9"]
[EventCountry "USA"]

1. e4 c5 2. Nf3 Nc6 3. d4 cxd4 4. Nxd4 g6 5. Be3 Nf6 6. Nc3 Bg7 7. Nxc6 bxc6 8.
e5 Nd5 9. Nxd5 cxd5 10. Qxd5 Rb8 11. Bc4 O-O 12. O-O Bb7 13. Qd2 Bxe5 14. Bxa7
Rc8 15. Bd4 Bxh2+ 16. Kxh2 Qc7+ 17. Kg1 Qxc4 18. c3 f6 19. f3 Kg7 20. Be3 Rfd8
21. Kf2 Qh4+ 22. Kg1 d6 23. Rae1 Rd7 24. Rf2 Kf7 25. Qd1 Qc4 26. a3 Bc6 27. f4
Rb7 28. Qg4 Rcb8 29. Ree2 Ba4 30. Qh3 Kg7 31. g4 Bd7 32. Bc1 e5 33. f5 h5 34.
gxh5 Bxf5 35. Qh2 Rh8 36. Rxf5 gxf5 37. Rg2+ Kf8 38. h6 Rg8 39. Rg7 Rbxg7+ 0-1

[Event "World op"]
[Site "New Paltz USA"]
[Date "1981.07.05"]
[Round "9"]
[White "Brodie, Hugh"]
[Black "Penn, Robert"]
[Result "1-0"]
[WhiteElo "1902"]
[BlackElo "1850"]
[PlyCount "63"]
[EventDate "1981.07.01"]
[EventType "swiss"]
[EventRounds "9"]
[EventCountry "USA"]

1. Nc3 g6 2. d4 Bg7 3. e4 d6 4. f4 Nd7 5. Nf3 c6 6. a4 a5 7. Bc4 Nb6 8. Bd3 d5
9. e5 Bg4 10. h3 Bxf3 11. Qxf3 e6 12. b3 h5 13. Ba3 Nh6 14. O-O-O Kd7 15. g4 h4
16. Kb1 Bf8 17. Bc1 Bb4 18. Bd2 Qe7 19. f5 gxf5 20. gxf5 Bxc3 21. Bxc3 c5 22.
Bb5+ Kc7 23. dxc5 Qxc5 24. Bd4 Qb4 25. Qf2 Nd7 26. fxe6 fxe6 27. Bxd7 Kxd7 28.
Bc5 Qe4 29. Rhe1 Qf5 30. Qe2 Qf7 31. Rxd5+ exd5 32. e6+ 1-0

[Event "Toronto op"]
[Site "Toronto CAN"]
[Date "1981.04.17"]
[Round "2"]
[White "Zarezadegan, F."]
[Black "Brodie, Hugh"]
[Result "0-1"]
[WhiteElo "1699"]
[BlackElo "1900"]
[PlyCount "56"]
[EventDate "1981.04.17"]
[EventType "swiss"]
[EventRounds "6"]
[EventCountry "CAN"]

1. e4 c5 2. Nf3 Nc6 3. d4 cxd4 4. Nxd4 g6 5. Nc3 Bg7 6. Be3 Nf6 7. Be2 O-O 8.
g4 d5 9. exd5 Nxd5 10. Nxc6 bxc6 11. Bd4 Nxc3 12. Bxc3 Bxc3+ 13. bxc3 Qa5 14.
Qd3 Rd8 15. Qe3 Ba6 16. Bxa6 Qxa6 17. f3 Rd7 18. Kf2 Rad8 19. Rhe1 Qc4 20. Re2
c5 21. h4 f6 22. Rh1 e5 23. g5 Rd1 24. Rxd1 Qxh4+ 25. Kg2 Rxd1 26. f4 Qh1+ 27.
Kf2 Rf1+ 28. Kg3 exf4+ 0-1

[Event "Toronto op"]
[Site "Toronto CAN"]
[Date "1981.04.18"]
[Round "3"]
[White "Brodie, Hugh"]
[Black "Mayer, Steve"]
[Result "1/2-1/2"]
[WhiteElo "1900"]
[BlackElo "1964"]
[PlyCount "80"]
[EventDate "1981.04.17"]
[EventType "swiss"]
[EventRounds "6"]
[EventCountry "CAN"]

1. f4 Nf6 2. Nf3 d5 3. e3 Bg4 4. b3 Nbd7 5. Bb2 e6 6. Be2 Bxf3 7. Bxf3 Bd6 8.
O-O c6 9. d3 O-O 10. Nd2 b5 11. Qe1 Qe7 12. Qh4 Ba3 13. Bxa3 Qxa3 14. Qf2 Qc5
15. Rac1 e5 16. Rfe1 exf4 17. exf4 Rfe8 18. Nf1 b4 19. Qxc5 Nxc5 20. Ne3 Ne6
21. g3 Nd4 22. Kf2 Re7 23. Ng2 Rae8 24. Rxe7 Rxe7 25. c3 bxc3 26. Rxc3 Ne8 27.
Rc1 Nc7 28. Ne3 f6 29. Bg4 Na6 30. Rd1 g6 31. Bc8 Nc7 32. Bg4 Kf7 33. Rd2 f5
34. Bd1 Nce6 35. Nc2 Nxc2 36. Rxc2 Nd4 37. Rd2 Kf6 38. b4 h6 39. Ba4 Rb7 40. a3
Re7 1/2-1/2

[Event "Toronto op"]
[Site "Toronto CAN"]
[Date "1981.04.18"]
[Round "4"]
[White "Brodie, Hugh"]
[Black "McGarrett, Ian"]
[Result "0-1"]
[WhiteElo "1900"]
[BlackElo "1980"]
[PlyCount "78"]
[EventDate "1981.04.17"]
[EventType "swiss"]
[EventRounds "6"]
[EventCountry "CAN"]

1. f4 g6 2. e4 Bg7 3. d4 c6 4. Nc3 d5 5. e5 h5 6. Be2 Nh6 7. Nf3 Bg4 8. O-O
Bxf3 9. Bxf3 e6 10. Be3 Nd7 11. Na4 Qa5 12. Nc5 Nxc5 13. dxc5 Bf8 14. b4 Qxb4
15. Rb1 Qa5 16. Rxb7 Bxc5 17. Bxc5 Qxc5+ 18. Kh1 Nf5 19. Qb1 Kf8 20. Qb4 Qxb4
21. Rxb4 Ne3 22. Rc1 Kg7 23. Rb3 Nc4 24. Be2 Nd2 25. Rc3 Rhc8 26. Kg1 Rab8 27.
Ra3 Rc7 28. Kf2 Rb4 29. g3 Nc4 30. Rc3 Nb6 31. a3 Rb2 32. Ke3 c5 33. Rb3 Ra2
34. Kd2 c4 35. Rf3 Na4 36. Rb1 c3+ 37. Kc1 Rxa3 38. Bb5 Nc5 39. Bf1 Ne4 0-1

[Event "Toronto op"]
[Site "Toronto CAN"]
[Date "1981.04.19"]
[Round "5"]
[White "Dumitrascu, Nicolas"]
[Black "Brodie, Hugh"]
[Result "1-0"]
[WhiteElo "2000"]
[BlackElo "1900"]
[PlyCount "71"]
[EventDate "1981.04.17"]
[EventType "swiss"]
[EventRounds "6"]
[EventCountry "CAN"]

1. e4 c5 2. Nf3 Nc6 3. d4 cxd4 4. c3 d5 5. exd5 Qxd5 6. cxd4 Bg4 7. Be2 Nf6 8.
Nc3 Qd8 9. d5 Nb8 10. O-O g6 11. Be3 Bg7 12. Qb3 Bc8 13. Rfd1 O-O 14. Rac1 Ne8
15. Nd4 Nd6 16. Ndb5 a6 17. Nd4 Nd7 18. a4 Nc5 19. Qb4 Nce4 20. Bf3 Nxc3 21.
bxc3 Bd7 22. c4 Rc8 23. c5 a5 24. Qb3 Nf5 25. Nxf5 Bxf5 26. Qxb7 Rb8 27. Qa6
Rb4 28. c6 Be5 29. g3 Rxa4 30. Qe2 Qc7 31. Bc5 Rb8 32. Re1 Bd6 33. Bxd6 exd6
34. g4 Bc8 35. Qe8+ Kg7 36. Re7 1-0

[Event "Toronto op"]
[Site "Toronto CAN"]
[Date "1981.04.19"]
[Round "6"]
[White "Garballa, D."]
[Black "Brodie, Hugh"]
[Result "0-1"]
[WhiteElo "1650"]
[BlackElo "1900"]
[PlyCount "58"]
[EventDate "1981.04.17"]
[EventType "swiss"]
[EventRounds "6"]
[EventCountry "CAN"]

1. e4 c5 2. Nf3 Nc6 3. d4 cxd4 4. Nxd4 g6 5. c3 Bg7 6. Be3 Nf6 7. Be2 Nxe4 8.
f3 Nf6 9. Qd2 O-O 10. Na3 d5 11. g4 e5 12. Nb3 Na5 13. O-O-O Nxb3+ 14. axb3 Be6
15. h4 d4 16. Bh6 Bxb3 17. Bxg7 Kxg7 18. g5 Nh5 19. Nc2 Rc8 20. Qe1 Qa5 21. Rd3
Nf4 22. h5 Nxd3+ 23. Bxd3 dxc3 24. bxc3 Qxc3 25. Qe2 Bxc2 26. Bxc2 Qa1+ 27. Kd2
Rfd8+ 28. Bd3 Rxd3+ 29. Kxd3 Qd4# 0-1

[Event "Burlington VT-2"]
[Site "Burlington USA"]
[Date "1981.04.04"]
[Round "1"]
[White "Brodie, Hugh"]
[Black "Linderman, Lowell"]
[Result "1-0"]
[WhiteElo "1879"]
[BlackElo "1490"]
[PlyCount "77"]
[EventDate "1981.04.04"]
[EventType "swiss"]
[EventRounds "3"]
[EventCountry "USA"]

1. Nc3 d5 2. d4 f5 3. Nf3 e6 4. Bg5 Be7 5. Qd2 Nf6 6. e3 O-O 7. Bd3 b6 8. Ne5
Ne4 9. Bxe7 Qxe7 10. Nxe4 fxe4 11. Be2 a5 12. O-O Qe8 13. f3 Ba6 14. fxe4 Bxe2
15. Qxe2 dxe4 16. Qg4 Nc6 17. Rxf8+ Kxf8 18. Qxe4 Nxe5 19. Qxe5 Qe7 20. Qe4 Rd8
21. Qxh7 Ke8 22. Rf1 Kd7 23. Qh5 Kc8 24. c3 Kb7 25. Rf7 Qe8 26. Qf3+ Kb8 27.
Rxg7 Qh8 28. Qf7 Rc8 29. Rh7 Qd8 30. Qxe6 Qf8 31. Rf7 Qg8 32. g4 Re8 33. Qf5
Kb7 34. Qf4 Rc8 35. h4 Ka6 36. h5 Re8 37. Kf2 Qh8 38. Qxc7 Ra8 39. Qc4+ 1-0

[Event "Burlington VT-2"]
[Site "Burlington USA"]
[Date "1981.04.04"]
[Round "2"]
[White "Bruce, David"]
[Black "Brodie, Hugh"]
[Result "0-1"]
[WhiteElo "1313"]
[BlackElo "1879"]
[PlyCount "48"]
[EventDate "1981.04.04"]
[EventType "swiss"]
[EventRounds "3"]
[EventCountry "USA"]

1. e4 c5 2. Nf3 Nc6 3. Nc3 g6 4. Bc4 Bg7 5. d3 d6 6. Be3 Nf6 7. h3 O-O 8. Qd2
Na5 9. O-O Nxc4 10. dxc4 Be6 11. Qe2 Rb8 12. Bf4 Re8 13. Rad1 Qb6 14. b3 Nh5
15. Na4 Nxf4 16. Qe3 Nxh3+ 17. gxh3 Qc7 18. Rfe1 Bxh3 19. Ng5 Bg4 20. f3 Bd4
21. Rxd4 cxd4 22. Qxd4 Qa5 23. Kf2 Bd7 24. Rh1 Qxg5 0-1

[Event "Burlington VT-2"]
[Site "Burlington USA"]
[Date "1981.04.04"]
[Round "3"]
[White "Shaw, Alan"]
[Black "Brodie, Hugh"]
[Result "0-1"]
[WhiteElo "2012"]
[BlackElo "1879"]
[PlyCount "74"]
[EventDate "1981.04.04"]
[EventType "swiss"]
[EventRounds "3"]
[EventCountry "USA"]

1. c4 e5 2. Nc3 Nc6 3. g3 g6 4. Bg2 Bg7 5. e4 d6 6. Nge2 Nge7 7. O-O O-O 8. d3
Be6 9. Nd5 Qd7 10. Be3 Nd8 11. d4 Nxd5 12. cxd5 Bh3 13. Qd2 Bxg2 14. Kxg2 f5
15. f3 c6 16. dxc6 bxc6 17. d5 c5 18. b4 f4 19. Bf2 cxb4 20. Qxb4 fxg3 21. hxg3
Nf7 22. Rab1 Ng5 23. Ng1 Rxf3 24. Qb7 Qxb7 25. Rxb7 Ra3 26. Rc1 Nxe4 27. Rcc7
Bf8 28. Rxh7 Nxf2 29. Kxf2 Rxa2+ 30. Kf3 Rc8 31. Kg4 Ra3 32. Rxa7 Rc4+ 33. Kh3
Rxa7 34. Rxa7 Rc5 35. Kg4 Rxd5 36. Nh3 Bh6 37. Ng5 Rd4+ 0-1

[Event "Burlington VT-1"]
[Site "Burlington USA"]
[Date "1981.02.07"]
[Round "1"]
[White "Ellis, R."]
[Black "Brodie, Hugh"]
[Result "0-1"]
[WhiteElo "1535"]
[BlackElo "1868"]
[PlyCount "100"]
[EventDate "1981.02.07"]
[EventType "swiss"]
[EventRounds "3"]
[EventCountry "USA"]

1. d4 e6 2. c4 Bb4+ 3. Nc3 f5 4. Nf3 b6 5. Bf4 Nf6 6. a3 Bxc3+ 7. bxc3 Bb7 8.
Bg5 O-O 9. e3 d6 10. g3 Nbd7 11. Bg2 Qe8 12. Bxf6 Nxf6 13. O-O Ne4 14. Qd3 Ba6
15. Rfe1 Qa4 16. Qd1 Qxd1 17. Raxd1 Bxc4 18. Rc1 Rae8 19. Nh4 Rf6 20. f3 Ng5
21. Bf1 Bxf1 22. Rxf1 g6 23. Ng2 e5 24. h4 Nf7 25. d5 Nd8 26. e4 fxe4 27. fxe4
Ref8 28. Rxf6 Rxf6 29. Rf1 Rxf1+ 30. Kxf1 Nb7 31. Kf2 Nc5 32. Ke3 Kf7 33. Ne1
Kf6 34. Nd3 Nxd3 35. Kxd3 g5 36. Kc4 gxh4 37. gxh4 a6 38. Kb4 Kg6 39. c4 Kh5
40. a4 Kxh4 41. a5 Kg3 42. axb6 cxb6 43. c5 bxc5+ 44. Ka5 h5 45. Kb6 c4 46. Kc6
c3 47. Kxd6 Kf4 48. Ke6 c2 49. d6 c1=Q 50. d7 Qc7 0-1

[Event "Burlington VT-1"]
[Site "Burlington USA"]
[Date "1981.02.07"]
[Round "2"]
[White "Brodie, Hugh"]
[Black "Sinclair, Curtis"]
[Result "1-0"]
[WhiteElo "1868"]
[BlackElo "1750"]
[PlyCount "57"]
[EventDate "1981.02.07"]
[EventType "swiss"]
[EventRounds "3"]
[EventCountry "USA"]

1. Nc3 g6 2. d4 Bg7 3. e4 d6 4. f4 Nf6 5. Nf3 O-O 6. Bd3 Nc6 7. O-O Bg4 8. Be3
e5 9. fxe5 dxe5 10. d5 Nd4 11. Be2 Nxf3+ 12. Bxf3 Bxf3 13. Qxf3 Ne8 14. Qh3 Nd6
15. Bh6 c6 16. Bxg7 Kxg7 17. dxc6 Qb6+ 18. Kh1 Qxc6 19. Qg3 Rfe8 20. Rae1 Rac8
21. Qg5 Nc4 22. Nd5 h6 23. Qh4 Nd2 24. Rf2 Nxe4 25. Qxe4 f5 26. Qd3 e4 27. Qd4+
Kh7 28. Nf6+ Kh8 29. Nxe8+ 1-0

[Event "Burlington VT-1"]
[Site "Burlington USA"]
[Date "1981.02.07"]
[Round "3"]
[White "Streit, Howard"]
[Black "Brodie, Hugh"]
[Result "1/2-1/2"]
[WhiteElo "1970"]
[BlackElo "1868"]
[PlyCount "37"]
[EventDate "1981.02.07"]
[EventType "swiss"]
[EventRounds "3"]
[EventCountry "USA"]

1. e4 e6 2. d4 d5 3. Nd2 c5 4. exd5 exd5 5. Bb5+ Bd7 6. Qe2+ Qe7 7. Bxd7+ Nxd7
8. dxc5 Nxc5 9. c3 Nd3+ 10. Kf1 Qxe2+ 11. Kxe2 Nxc1+ 12. Rxc1 Nf6 13. Ngf3 Bd6
14. Rhe1 O-O 15. Nb3 Bf4 16. Rcd1 Rfe8+ 17. Kf1 Kf8 18. g3 Bc7 19. Nfd4 1/2-1/2

[Event "Ledain mem"]
[Site "Montreal CAN"]
[Date "1981.02.03"]
[Round "1"]
[White "Brodie, Hugh"]
[Black "Kurtz, Murray"]
[Result "1-0"]
[WhiteElo "1929"]
[BlackElo "1745"]
[PlyCount "61"]
[EventDate "1981.02.03"]
[EventType "swiss"]
[EventRounds "5"]
[EventCountry "CAN"]

1. f4 c5 2. Nf3 g6 3. e4 Bg7 4. Bc4 d6 5. Nc3 Nf6 6. d3 O-O 7. O-O Nc6 8. h3 a6
9. a4 Be6 10. Be3 Rb8 11. Qd2 Na5 12. Bxe6 fxe6 13. Ng5 Qd7 14. Ne2 Nc6 15. g4
b5 16. axb5 Rxb5 17. Rxa6 Rxb2 18. Nxe6 Qxe6 19. Rxc6 Nxg4 20. hxg4 Qxg4+ 21.
Kh2 g5 22. Rg1 Qh5+ 23. Kg2 Ra8 24. Rc7 Raa2 25. Rc1 g4 26. Bf2 Qh3+ 27. Kg1
Bf6 28. f5 Be5 29. Qg5+ Bg7 30. Qxe7 Qh6 31. Qf7+ 1-0

[Event "Ledain mem"]
[Site "Montreal CAN"]
[Date "1981.02.11"]
[Round "2"]
[White "Croisetiere, Michel"]
[Black "Brodie, Hugh"]
[Result "1/2-1/2"]
[WhiteElo "1749"]
[BlackElo "1929"]
[PlyCount "74"]
[EventDate "1981.02.03"]
[EventType "swiss"]
[EventRounds "5"]
[EventCountry "CAN"]

1. e4 c5 2. Nf3 Nc6 3. d4 cxd4 4. Nxd4 g6 5. Nc3 Bg7 6. Be3 Nf6 7. Be2 O-O 8.
O-O d5 9. exd5 Nxd5 10. Nxd5 Nxd4 11. Bxd4 Qxd5 12. Bxg7 Qxd1 13. Raxd1 Kxg7
14. Rd2 Be6 15. Rfd1 Rac8 16. b4 Rc3 17. Bf3 b6 18. Be4 Rfc8 19. Kf1 R8c7 20.
Ke1 Bf5 21. Bd3 Bxd3 22. cxd3 e5 23. f3 f5 24. Re2 Kf6 25. d4 exd4 26. Rxd4
R3c6 27. g3 Re6 28. Rxe6+ Kxe6 29. Kd2 Ke5 30. Kd3 Rc1 31. Rh4 h5 32. Rc4 Rd1+
33. Kc3 Rd6 34. f4+ Ke6 35. Rd4 Rc6+ 36. Rc4 Rd6 37. Rd4 Rc6+ 1/2-1/2

[Event "Ledain mem"]
[Site "Montreal CAN"]
[Date "1981.02.17"]
[Round "3"]
[White "Brodie, Hugh"]
[Black "Zalys, Ignas"]
[Result "0-1"]
[WhiteElo "1929"]
[BlackElo "1952"]
[PlyCount "60"]
[EventDate "1981.02.03"]
[EventType "swiss"]
[EventRounds "5"]
[EventCountry "CAN"]

1. Nf3 f5 2. e4 fxe4 3. Ng5 Nf6 4. d3 d5 5. dxe4 h6 6. e5 hxg5 7. exf6 gxf6 8.
Nc3 Be6 9. Bd3 Bf7 10. Bd2 Nd7 11. Qe2 c6 12. O-O-O Qc7 13. h3 O-O-O 14. Rhf1
e5 15. Bf5 Kb8 16. Kb1 Nc5 17. Rfe1 Bd6 18. Qf1 Be6 19. Bxe6 Nxe6 20. Ne2 Qb6
21. Ng3 Rh4 22. Nf5 Ba3 23. b3 Ra4 24. Bc3 d4 25. Bb2 Bxb2 26. Kxb2 Nf4 27. Ne3
Nd5 28. Nxd5 cxd5 29. f3 Rc8 30. Qe2 Qb4 0-1

[Event "Ledain mem"]
[Site "Montreal CAN"]
[Date "1981.02.24"]
[Round "4"]
[White "Poulin, Gilles"]
[Black "Brodie, Hugh"]
[Result "0-1"]
[WhiteElo "1638"]
[BlackElo "1929"]
[PlyCount "58"]
[EventDate "1981.02.03"]
[EventType "swiss"]
[EventRounds "5"]
[EventCountry "CAN"]

1. d4 e6 2. c4 Bb4+ 3. Nc3 f5 4. e3 Nf6 5. a3 Bxc3+ 6. bxc3 b6 7. Bd3 Bb7 8.
Ne2 O-O 9. O-O d6 10. a4 Nbd7 11. Ba3 Ne4 12. f3 Ng5 13. Ng3 Qe8 14. c5 bxc5
15. dxc5 Nxc5 16. Bxc5 dxc5 17. Bc4 Kh8 18. Qc2 Bc6 19. a5 Qe7 20. a6 Rab8 21.
Ra5 Rb6 22. Rd1 Rfb8 23. Qa2 Rb2 24. Qa3 Rxg2+ 25. Kxg2 Bxf3+ 26. Kf2 Bxd1 27.
Qxc5 Qd8 28. Ra2 Rb6 29. Qe5 Nf7 0-1

[Event "Ledain mem"]
[Site "Montreal CAN"]
[Date "1981.03.03"]
[Round "5"]
[White "Brodie, Hugh"]
[Black "Morissette, Jean"]
[Result "1-0"]
[WhiteElo "1929"]
[BlackElo "1792"]
[PlyCount "27"]
[EventDate "1981.02.03"]
[EventType "swiss"]
[EventRounds "5"]
[EventCountry "CAN"]

1. f4 Nf6 2. Nf3 c5 3. e3 g6 4. d4 Bg7 5. Bd3 Nc6 6. c3 cxd4 7. exd4 d5 8. O-O
Qc7 9. Ne5 Be6 10. Nd2 Nd7 11. Nxc6 Qxc6 12. f5 gxf5 13. Qe2 Nf6 14. Bb5 1-0

[Event "Pere Noel"]
[Site "Montreal CAN"]
[Date "1980.12.26"]
[Round "1"]
[White "Brodie, Hugh"]
[Black "Wood, Anthony"]
[Result "1-0"]
[WhiteElo "1953"]
[BlackElo "1596"]
[PlyCount "75"]
[EventDate "1980.12.26"]
[EventType "swiss"]
[EventRounds "5"]
[EventCountry "CAN"]

1. Nc3 e5 2. e4 Nf6 3. f4 d6 4. Nf3 Bg4 5. Bc4 Nc6 6. h3 Bxf3 7. Qxf3 Nd4 8.
Qd1 Nxe4 9. Bxf7+ Kxf7 10. Nxe4 Be7 11. O-O Rf8 12. c3 Ne6 13. fxe5+ Kg8 14.
exd6 cxd6 15. d4 d5 16. Ng3 Bd6 17. Nf5 Bc7 18. Qg4 Kh8 19. Bd2 Rf6 20. Bg5
Nxg5 21. Qxg5 Qf8 22. Ne3 Bf4 23. Rxf4 Rxf4 24. Qxd5 Re8 25. Ng4 h6 26. Ne5 Qf5
27. Qxb7 Rf8 28. Nf3 g5 29. Re1 g4 30. hxg4 Qxg4 31. Re3 Rg8 32. Ne1 Rgf8 33.
Nf3 Qg3 34. Qc6 h5 35. Qh6+ Kg8 36. Re5 R8f7 37. Rg5+ Rg7 38. Qxg7# 1-0

[Event "Pere Noel"]
[Site "Montreal CAN"]
[Date "1980.12.27"]
[Round "2"]
[White "Klivczow, Michel"]
[Black "Brodie, Hugh"]
[Result "0-1"]
[WhiteElo "1803"]
[BlackElo "1953"]
[PlyCount "76"]
[EventDate "1980.12.26"]
[EventType "swiss"]
[EventRounds "5"]
[EventCountry "CAN"]

1. c4 e5 2. Nc3 Nc6 3. g3 g6 4. Bg2 Bg7 5. e4 d6 6. Nge2 Nge7 7. O-O Be6 8. d3
Qd7 9. Nd5 O-O 10. Bg5 f6 11. Be3 Rac8 12. Qd2 Bh3 13. Bh6 Bxg2 14. Kxg2 Nd8
15. Bxg7 Kxg7 16. Nec3 c6 17. Ne3 Ne6 18. Rad1 Ng5 19. f3 h5 20. d4 Qh3+ 21.
Kg1 h4 22. Qg2 hxg3 23. Qxh3 Nxh3+ 24. Kg2 Nf4+ 25. Kxg3 Rh8 26. dxe5 fxe5 27.
h4 Rcd8 28. Ng4 Ne6 29. Rd2 Nd4 30. Rff2 c5 31. Nd5 Nxd5 32. exd5 Nf5+ 33. Kg2
Rxh4 34. Rf1 Rxg4+ 35. fxg4 Ne3+ 36. Kg1 Nxf1 37. Kxf1 Rf8+ 38. Kg2 Rf4 0-1

[Event "Pere Noel"]
[Site "Montreal CAN"]
[Date "1980.12.28"]
[Round "3"]
[White "Brodie, Hugh"]
[Black "Levtchouk, George"]
[Result "0-1"]
[WhiteElo "1953"]
[BlackElo "2265"]
[PlyCount "102"]
[EventDate "1980.12.26"]
[EventType "swiss"]
[EventRounds "5"]
[EventCountry "CAN"]

1. Nf3 g6 2. g3 Bg7 3. Bg2 d5 4. d4 Nf6 5. O-O O-O 6. c4 Nc6 7. cxd5 Nxd5 8. e4
Nb6 9. d5 Nb8 10. Nc3 e6 11. dxe6 Bxe6 12. Qc2 Nc6 13. Rd1 Qe7 14. Bg5 Qc5 15.
Be3 Qh5 16. Ne2 Nc4 17. Bd4 N4e5 18. Nxe5 Nxd4 19. Nxd4 Qxe5 20. Nxe6 Qxe6 21.
a3 Rac8 22. Rd2 c5 23. Rad1 Bd4 24. Bf1 Rfe8 25. Re1 h5 26. h4 Rcd8 27. Kg2 Kg7
28. Bc4 Qe7 29. Rde2 Rh8 30. f4 f6 31. e5 fxe5 32. fxe5 Rdf8 33. Qe4 Rf5 34. e6
Rhf8 35. b4 b6 36. bxc5 Bxc5 37. Qc2 Rf2+ 38. Kh3 R8f3 39. Qb2+ Kh7 40. Bd5
Rxe2 41. Rxe2 Rxa3 42. Qd2 Bd6 43. Rg2 b5 44. Qf2 b4 45. Qf7+ Qxf7 46. exf7 Kg7
47. Kh2 Rd3 48. Be6 g5 49. Ra2 Rxg3 50. Kh1 Re3 51. Bd5 b3 0-1